000 00530ntaaa2200193 4500
003 01
005 20251027202130.0
008 0714s1973 ag 01
040 _aAR-BaBN
_bspa
_cAR-BaBN
_eaacr
_dRIC
082 _a261.8700 N22
100 _aNavarro Monzó, Julio
_916441
245 _aLa revolución cristiana
250 _a1 ed.
260 _aBuenos Aires :
_bEditorial Mundo Nuevo,
_c1929
300 _a292 p
500 _aMeditaciones laicas. Cristianismo y la crisis mundial
650 _aética social
_91916
942 _cBK
999 _c16235
_d16235